000
00322nam a22001337a 4500
008
171027b xxu||||| |||| 00| 0 eng d
020
_a
04713955757
041
_a
eng
080
_a
311
100
_a
55
101
_a
STA
245
_a
WILEY SERIES IN PROBALITY AND MATHEMATICAL STATISTICS
_c
JAMES.D
942
_2
udc
_c
BK
999
_c
36029
_d
36029